Normal view
MARC view
- الحسني، جعفر صادق/م مشارك سرحان داود
Entry Personal Name
001 - CONTROL NUMBER
- control field: 29210
003 - CONTROL NUMBER IDENTIFIER
- control field: JO-AjAnu
005 - DATE AND TIME OF LATEST TRANSACTION
- control field: 20230606074936.0
008 - FIXED-LENGTH DATA ELEMENTS
- fixed length control field: 230606|| aca||aabn | a|a d
040 ## - CATALOGING SOURCE
- Original cataloging agency: JO-AjAnu
- Transcribing agency: JO-AjAnu
100 ## - HEADING--PERSONAL NAME
- Personal name: الحسني، جعفر صادق/م مشارك سرحان داود
670 ## - SOURCE DATA FOUND
- Source citation: Work cat.: (JO-AjAnu)14994: الحسني، جعفر صادق/م مشارك سرحان داود, author, تكنولوجيا شبكات الحاسوب =Computer Networks Technology